عرض عادي
عرض مارك
- العلاقات الاجتماعية.
مدخل مصطلح موضوعي
001 - رقم الضبط
- حقل الضبط: 97456
003 - معرف رقم الضبط
- حقل الضبط: OSt
005 - تاريخ ووقت أخر عملية
- حقل الضبط: 20220816121125.0
008 - عناصر بيانات ثابتة الطول
- حقل تحكم ثابت الطول: 220816|| aca||aabn | a|a d
040 ## - مصدر الفهرسة
- هيئة الفهرسة الأصلية: OSt
- وكالة الكتابة: OSt
150 ## - مدخل-- مصطلح تاريخي
- عنصر مدخل المصطلح الموضوعي او الاسم الجغرافي: العلاقات الاجتماعية.
670 ## - بيانات المصدر موجوده
- الاستشهاد بالمصدر: Work cat.: (OSt): الموسى، إبراهيم. 97428, فن العلاقات الإجتماعية / , 2013
